000 00836cab a2200289 4500
001 ABS50497
008 090401t1994 xxu||||| |||| 00| 0 eng d
035 _a(Sirsi) u76173
041 _aeng
100 _aStudemann, F.
245 _aRenaissance in the east
260 _c1994
350 _a0
490 _aEuroProperty
_vApril 1994, 25-29(5)
520 _aInvestigates the rebirth of Leipzig and Dresden and the fortunes of the property market.
650 _aDRESDEN
650 _aEASTERN EUROPE
650 _aEASTERN GERMANY
650 _aGERMANY
650 _aLEIPZIG
650 _aPROPERTY-COMMERCIAL PROPERTY-OFFICE PROPERTY-OFFICE PROPERTY MARKET
650 _aSAXONY
690 _aPROPERTY-COMMERCIAL PROPERTY-COMMERCIAL PROPERTY MARKET
690 _aOVERSEAS-EUROPE
942 _n0
948 _c04/03/1997
999 _c47931
_d47931